Civilization V - Civilizations, leaders and capitals - Statistics

General Stats
  • This quiz has been taken 360 times
  • The average score is 89 of 129
Answer Stats
Answer % Correct
French empire
95%
American empire
94%
English empire
94%
Russian empire
94%
Washington
94%
German empire
93%
Indian empire
92%
Japanese empire
92%
Chinese empire
91%
Spanish empire
91%
Aztec empire
90%
Napoleon
90%
Paris
90%
Roman empire
90%
Arabian empire
89%
Incan empire
89%
London
89%
Greek empire
88%
Rome
88%
Beijing
87%
Egyptian empire
87%
Mongolian empire
87%
Portuguese empire
87%
Berlin
86%
Elizabeth
86%
Moscow
86%
Austrian empire
85%
Korean empire
85%
Polish empire
85%
Brazilian empire
84%
Catherine
84%
Kyoto
84%
Mayan empire
84%
Ottoman empire
84%
Persian empire
84%
Swedish empire
84%
Alexander
83%
Madrid
82%
Siamese empire
82%
Athens
81%
Bismarck
81%
Delhi
81%
Zulu empire
81%
Babylon
80%
Babylonian empire
80%
Danish empire
80%
Gandhi
80%
Indonesian empire
80%
Dutch empire
79%
Vienna
79%
Assyrian empire
78%
Ethiopian empire
78%
Rio de Janeiro
78%
Warsaw
78%
Amsterdam
77%
Lisbon
77%
Seoul
77%
Byzantine empire
76%
Celtic empire
76%
Mecca
75%
Carthage
74%
Genghis Khan
74%
Isabella
73%
Istanbul
73%
Montezuma
73%
Stockholm
73%
Pedro II
72%
Songhai empire
72%
Constantinople
71%
Copenhagen
71%
Iroquois empire
71%
Jakarta
71%
Shaka
71%
Venetian empire
71%
Venice
71%
Hunnic empire
70%
Polynesian empire
70%
Attila
69%
Tenochtitlan
69%
Shoshones empire
68%
Ramesses II
66%
William
66%
Boudicca
65%
Moroccan empire
65%
Addis Ababa
64%
Dido
64%
Wu Zetian
64%
Carthaginian empire
62%
Maria Theresa
61%
Thebes
61%
Suleiman
59%
Theodora
59%
Cusco
57%
Edinburgh
55%
Kamehameha
55%
Darius I
54%
Harald Bluetooth
54%
Persepolis
53%
Attila's Court
52%
Assur
51%
Augustus Caesar
51%
Maria I
51%
Oda Nobunaga
51%
Haile Selassie
50%
Honolulu
50%
Marrakech
50%
Casimir III
47%
Hiawatha
47%
Enrico Dandolo
46%
Gustavus Adolphus
46%
Harun al-Rashid
46%
Askia
45%
Pachacuti
45%
Karakorum
43%
Pocatello
41%
Ashurbanipal
40%
Pacal
40%
Sejong
39%
Gao
38%
Nebuchadnezzar II
38%
Gajah Mada
34%
Ulundi
30%
Ramkhamhaeng
27%
Onondaga
26%
Palenque
26%
Ahmad al-Mansur
25%
Sukhothai
25%
Moson Kahni
20%
No matching quizzes found
Score Distribution
Percent of People with Each Score
Percentile by Number Answered
Your Score History
You have not taken this quiz